Committee on Employment, Social Welfare and State Enterprise on the 2024 Annual Budget Estimates of the National Pensions Regulatory Authority (Record no. 4022)
[ view plain ]
| 000 -LEADER | |
|---|---|
| fixed length control field | 00615nam a2200145Ia 4500 |
| 008 - FIXED-LENGTH DATA ELEMENTS--GENERAL INFORMATION | |
| fixed length control field | 240429s9999||||xx |||||||||||||| ||und|| |
| 041 ## - LANGUAGE CODE | |
| Language code of text/sound track or separate title | eng |
| 082 ## - DEWEY DECIMAL CLASSIFICATION NUMBER | |
| Classification number | CR/NPRA/24 |
| 100 ## - MAIN ENTRY--PERSONAL NAME | |
| Personal name | Committee on Employment, Social Welfare & State Enterprise |
| 245 #0 - TITLE STATEMENT | |
| Title | Committee on Employment, Social Welfare and State Enterprise on the 2024 Annual Budget Estimates of the National Pensions Regulatory Authority |
| 300 ## - PHYSICAL DESCRIPTION | |
| Extent | 6p.: tabs. |
| 650 ## - SUBJECT ADDED ENTRY--TOPICAL TERM | |
| Topical term or geographic name entry element | Committee on Employment, Social Welfare and State Enterprise on the 2024 Annual Budget - Estimates of the National Pensions Regulatory Authority |
| 942 ## - ADDED ENTRY ELEMENTS (KOHA) | |
| Koha item type | Committee Reports |
| Withdrawn status | Lost status | Damaged status | Not for loan | Home library | Current library | Shelving location | Date acquired | Total checkouts | Full call number | Date last seen | Copy number | Price effective from | Koha item type |
|---|---|---|---|---|---|---|---|---|---|---|---|---|---|
| Main Library | Main Library | Open Shelves | 10/01/2024 | CR/NPRA/24 8237 | 29/04/2024 | 1 | 29/04/2024 | Committee Reports |